000 00461nam a2200157 a 4500
001 000016763
005 20200929164945.0
008 100310s19uu 000 0 spa d
040 _aDO-SdBNP
_bspa
_cBNPHU
082 _axxx
_bS939f
100 1 _aSuazo Silver, Luis A.
_937151
245 1 0 _aFilología :
_bciencia lingüística /
_cLuis A. Suazo Silver.
260 _a[Santo Domingo] :
_bCultural Dominicana,
_c19??
300 _a104 p. ;
_c22 cm.
049 _aBNPD
999 _c16295
_d16295